Soils in Construction (Record no. 193255)

MARC details
000 -LEADER
fixed length control field 00453nam a2200193Ia 4500
008 - FIXED-LENGTH DATA ELEMENTS--GENERAL INFORMATION
fixed length control field 240823s9999||||xx |||||||||||||| ||und||
020 ## - INTERNATIONAL STANDARD BOOK NUMBER
International Standard Book Number 978-81-317-6630-9
082 ## - DEWEY DECIMAL CLASSIFICATION NUMBER
-- 624.1513 Q2
100 ## - MAIN ENTRY--PERSONAL NAME
Personal name Schroeder W L et al.
245 #0 - TITLE STATEMENT
Title Soils in Construction
250 ## - EDITION STATEMENT
Edition statement 5th
260 ## - PUBLICATION, DISTRIBUTION, ETC. (IMPRINT)
Date of publication, distribution, etc 2012
Name of publisher, distributor, etc "Pearson,"
500 ## - GENERAL NOTE
General note YES
650 ## - SUBJECT ADDED ENTRY--TOPICAL TERM
Topical term or geographic name as entry element soil Construction
942 ## - ADDED ENTRY ELEMENTS (KOHA)
Item type Books
Holdings
Withdrawn status Lost status Damaged status Permanent location Current location Shelving location Date acquired Source of acquisition Cost, normal purchase price Full call number Barcode Date last seen Koha item type
      CENTRAL LIBRARY, NOORUL ISLAM CENTRE FOR HIGHER EDUCATION CENTRAL LIBRARY, NOORUL ISLAM CENTRE FOR HIGHER EDUCATION   10/31/2012 Higginbothams Private Ltd 425.00 624.1513 Q2 45193 08/23/2024 Books
Visitors:
Copyright © 2024 Central Library NICHE.  All rights reserved.